[Event "5th OHRA Crown Group"]
[Site "Amsterdam NED"]
[Date "1986.07.21"]
[Round "1"]
[White "Van der Wiel, John"]
[Black "Hellers, Ferdinand"]
[Result "1/2-1/2"]
[WhiteElo "2570"]
[BlackElo "2440"]
[EventDate "1986.07.21"]
[PlyCount "43"]

1.e4 c5 2.Nf3 d6 3.d4 cxd4 4.Nxd4 Nf6 5.Nc3 a6 6.Be3 e5 7.Nf3 Qc7 8.a4 Be7
9.a5 O-O 10.Bd3 h6 11.Nh4 Nc6 12.Bb6 Qd7 13.Nf5 Bd8 14.Ne3 Bxb6 15.axb6 
Ne7 16.Nc4 Qc6 17.Be2 Rd8 18.Nxe5 Qxb6 19.Nc4 Qc7 20.Qd4 Be6 21.Nb6 Rab8 
22.O-O 1/2-1/2

[Event "5th OHRA Crown Group"]
[Site "Amsterdam NED"]
[Date "1986.07.28"]
[Round "7"]
[White "Vaganian, Rafael"]
[Black "Hellers, Ferdinand"]
[Result "1/2-1/2"]
[WhiteElo "2600"]
[BlackElo "2440"]
[EventDate "1986.07.21"]
[PlyCount "42"]

1.d4 Nf6 2.c4 e6 3.Nf3 b6 4.Nc3 Bb4 5.Bg5 Bb7 6.e3 h6 7.Bh4 g5 8.Bg3 Ne4 
9.Qc2 Bxc3+ 10.bxc3 d6 11.Bd3 f5 12.d5 Nc5 13.Nd4 Qf6 14.h4 Nba6 15.Nxe6 
Nxe6 16.dxe6 Ke7 17.Bxf5 Nb4 18.Qb2 Bxg2 19.Rh2 Bf3 20.Kd2 Qxf5 21.cxb4 
Qf6 1/2-1/2

[Event "5th OHRA Crown Group"]
[Site "Amsterdam NED"]
[Date "1986.07.30"]
[Round "9"]
[White "Hellers, Ferdinand"]
[Black "Ljubojevic, Ljubomir"]
[Result "1/2-1/2"]
[WhiteElo "2440"]
[BlackElo "2600"]
[EventDate "1986.07.21"]
[PlyCount "142"]

1.e4 c5 2.Nf3 d6 3.d4 cxd4 4.Nxd4 Nf6 5.Nc3 a6 6.Be3 e6 7.Qd2 Be7 8.f3 d5 
9.e5 Nfd7 10.f4 Nc6 11.Be2 Nxd4 12.Bxd4 b5 13.a3 Bb7 14.O-O Bc5 15.Bxc5 
Nxc5 16.Qd4 Rc8 17.a4 bxa4 18.Nxa4 Nxa4 19.Qxa4+ Rc6 20.Qb4 Qb6+ 21.Qxb6 
Rxb6 22.b3 Ke7 23.Bd3 g6 24.Ra4 h5 25.Rfa1 Rc8 26.Kf2 Rcc6 27.Ke3 Bc8 28.
Kd2 Bb7 29.g3 Kd7 30.R1a3 Ke7 31.h4 Kd7 32.c3 Ke7 33.b4 Bc8 34.Ke3 Bb7 35.
Kd4 Kd8 36.Ra5 Kc8 37.Rc5 Rxc5 38.Kxc5 Rc6+ 39.Kd4 Rb6 40.Ra5 Kb8 41.Be2 
Rc6 42.Rc5 Rb6 43.g4 hxg4 44.Bxg4 Bc6 45.h5 gxh5 46.Bxh5 Be8 47.Ra5 Kc7 
48.Ra1 Bb5 49.Bxf7 Rc6 50.Ra3 Rc4+ 51.Ke3 Re4+ 52.Kf3 Kd7 53.f5 Be2+ 54.
Kg3 exf5 55.Bxd5 f4+ 56.Kf2 Rxe5 57.c4 Bg4 58.Rxa6 Re2+ 59.Kg1 Re1+ 60.Kf2
Re2+ 61.Kf1 Rc2 62.Ke1 Re2+ 63.Kf1 Rc2 64.Rc6 Be2+ 65.Ke1 f3 66.b5 f2+ 67.
Kxf2 Bxc4+ 68.Ke3 Re2+ 69.Kf3 Bxd5+ 70.Kxe2 Bxc6 71.bxc6+ Kxc6 1/2-1/2

[Event "5th OHRA Crown Group"]
[Site "Amsterdam NED"]
[Date "1986.08.01"]
[Round "10"]
[White "Ljubojevic, Ljubomir"]
[Black "Vaganian, Rafael"]
[Result "1/2-1/2"]
[WhiteElo "2600"]
[BlackElo "2600"]
[EventDate "1986.07.21"]
[PlyCount "26"]

1.d4 d5 2.Nf3 Nf6 3.c4 e6 4.Nc3 Be7 5.Bg5 O-O 6.e3 h6 7.Bh4 b6 8.Be2 Bb7 
9.cxd5 Nxd5 10.Bxe7 Qxe7 11.Nxd5 Bxd5 12.O-O Nd7 13.Rc1 c5 1/2-1/2